Quizzes
Events
Quiz Creation
Community
Videos
Private Events
Remove Ads
Sign In
Join for FREE
Feedback
Dark Mode
Quiz Categories
Sports
Geography
Music
Movies
Television
Just For Fun
Miscellaneous
History
Literature
Language
Science
Gaming
Entertainment
Religion
Holiday
For Kids
Quiz Lab
Recent
Popular Today
Quiz Kudos Today
Editor Picks
Curator Picks
Quizzes by...
Day
Popularity
Type
Ratings
Length
Year
Community
Subscriptions
Recent Discussions
Orange Saloon
Badges
Playlists
Quests
Create
Leaderboards
Showdown
Live 5
Trivia Bingo
Activity
Puzzle Library
Sporcle Events
Private Events
Virtual Trivia
Globe League
Become a Host
Pub Owners
SporcleCon
Opinionation
Our Games
Videos
Blog
Mobile Apps
Partnerships
Remove Ads and Go Orange
Feedback
Entertainment
Celebrity
Famous
Musical
Broadway
Show
Quote
Comic Books
Anime
Superhero
DC Comics
Marvel
Cartoons
Animation
Entertainment
Celebrity
Famous
Musical
Broadway
Show
Quote
Comic Books
Anime
Superhero
DC Comics
Marvel
Cartoons
Animation
Random Quiz
Search Sporcle
×
Quiz Lab
Quiz Lab
Entertainment
Clickable
Select answers by clicking on text or image buttons
Select answers by clicking on text or image buttons
Clickable
Best Score? Go Orange.
Follow That Line: Stephen Lynch Stats
Can you pick the next line from the comedian Stephen Lynch?
By
hymietherobot
7m
25 Questions
108 Plays
108 Plays
108 Plays
Comments
Comments
Give Quiz Kudos
Give Quiz Kudos
-
- Ratings
hide this ad
More Info
Forced Order
Answers have to be entered in order
Answers have to be entered in order
Replay
Link that replays current quiz
Next Quiz
Link to next quiz in quiz playlist
You Got
0%
They Got
Avg Score
76%
Avg Friend Score
Upgrade to see
Score Distribution
Jump to the score distribution portion of the page
Score
0/25
Timer
07:00
0
Plays Today
% Correct
I did that once and a girl who tossed my salad overdosed
93.5%
Cause daddy likes porno and $10 wh***s
91.7%
You will find the grace of God inside my rectory
91.7%
But I cannot compete with your big fat friend
90.7%
Now listen to my words, you guys are f***ing nerds, I'd rather stick that sword in my eye!
90.7%
So Wilbur said a'right, write it down...
90.7%
I love to watch Fox News and then go club some baby seals
89.8%
Oh to have two testes would be so nice
89.8%
But I’d bl*w a goat for some bacon right now
89.8%
And every third word that you say will offend her
89.8%
Will Denzel Washington defend me when I'm fired?
88.9%
I'm not my brother, I know, don't walk on H2O
88%
If she knew I loved a girl who loved to take it off
88%
% Correct
I suppresed a smile when I heard your girly poot poot
88%
And you quoted Mein Kampf in our 5th anniversary card
87%
I say if you roll over I'll throw in financial aid
84.3%
Bought with sweaty dollar bills.
81.3%
That's the reason Elvis died, in Tennessee
80.6%
But I'll enjoy this right or wrong 'til someone better comes along
78.7%
Oh, I need to knead them like sculptors kneed clay
75%
And Taco Bell
70.4%
I was in denial, denial.
68.8%
Every time I get it wrong it's another inch deeper.
65.6%
But it was not a Phil Collins song
64.8%
You're such a hack
58.3%
Quiz Playlist
Details
Report
Send in Message
Add To Playlist
More Info:
Updated to include "My Old Heart."
Clickable:
Select answers by clicking on text or image buttons
Forced Order:
Answers have to be entered in order
Last Updated: Mar 9, 2020
Quiz Scoreboard
CHALLENGE
Sign Up to Join the Scoreboard
Show All
Scores
Hide
Comments
May contain spoilers
Recently Published
An Introduction to Baseball
by treessimontrees
Sports
5m
Movies - When Are They Set?
by FPL_Elf
Movies
5m
Popular People in 1961
by mucciniale
History
6m
More to Explore
Quiz From the Vault
Featured Blog Post
Where Did the Easter Bunny Come From?
hide this ad
You Might Also Like...
Tags
Clickable Quiz
Comedian
Follow
Lynch
Next
stephen
Today's Top Quizzes in Entertainment
Browse Entertainment
hide this ad
Today's Top Quizzes in Clickable
Browse Clickable
Top Contributed Quizzes in Entertainment
1
Kamen Rider Motifs
2
Dragon Ball Z: Goku's Fights in Order
3
Dragon Ball Z: Mega Character Search
4
Marvel Characters Bunker
5
Criteria Quickie: Cartoon Taxonomy II
6
One Piece Arcs By Order III
7
Fictional Villains Letter U Blitz
8
Ana Gasteyer or Kathryn Hahn?
9
One Thing in Common: Fictional Characters
10
Dragon Ball Z: Super Saiyans in Order
Explore More
Trending Topics
Harry Potter
Marvel
Anime
Disney
NBA
Crossword
Kpop
Country
WWE
The Office
Puzzle
Soccer
Song
NFL
Pokémon
hide this ad
More By:
hymietherobot
Quiz
Plays
Rating
Category
Featured
Created
Follow That Line: Hits From 1984
4,224
4.66
Music
Jul 19, 2014
Would You Believe...Get Smart Follow That Line
2,061
4.83
Television
Feb 27, 2013
Follow That Line: Hogan's Heroes
1,278
4.86
Television
Apr 2, 2015
The Old Clickable Get Smart Quiz Trick
1,258
3.83
Television
Aug 28, 2012
Follow That Line: Ghostbusters 2
1,133
5.00
Movies
May 28, 2015
Go to Creator's Profile
Score Distribution
Quiz Creator Spotlight
hymietherobot
Follow
Send a Message
Quizzes Created
-
Created Quiz Play Count
-
More By This Creator
Popular Quizzes Today
1
Find the Countries of Europe - No Outlines Minefield
2
Find the US States - No Outlines Minefield
3
The Countries of the World
4
Popular People in 1961
5
US States
6
1-10 Letter E Words III
7
Find the US States
8
Risky Map Clicking: Biggest States A-Z
More Entertainment Quizzes
Faces on TIME (1960s)
Published
Trending Quizzes
Risky Map Clicking: Least Populous States A-Z
1-10 Letter F Words
1-10 Letter G Words
One Thing in Common: United Kingdom
Risky Map Clicking: Next State Alphabetically
Recently Updated
Leaping Animals
pecheneg
Reality TV Shows (A-Z)
bhenderson79
Rickey Henderson's Hall of Fame Teammates
pecheneg
Champions League XIs: Arsenal
pecheneg
Quick Pick: Celebrities in WWE's Hall of Fame
aduchscher
A-Z Keypad Blitz II
pecheneg
Multiple Oscar Actors
pecheneg
Mystery Phrase Blitz: Oscar 'Best Actors'
pecheneg
F. Scott Fitzgerald Novels
LTH
Pick 3 Villains
ddd62291
Trending Topics
Crossword
Kpop
NBA
Harry Potter
Marvel
Disney
Anime
The Office
Soccer
NFL
WWE
Song
Country
Puzzle
Pokémon
Your Account Isn't Verified!
In order to create a playlist on Sporcle, you need to verify the email address you used during registration. Go to your
Sporcle Settings
to finish the process.
Report this User
Report this user for behavior that violates our
Community Guidelines
.
Details:
Send Report
Go to the Sporcle.com Mobile Site →
Comments